| 000 | 02298cam a22004814i 4500 | ||
|---|---|---|---|
| 003 | PE-LiUPU | ||
| 005 | 20250731184530.0 | ||
| 008 | 150623s r 000 0 d | ||
| 020 | _a188592304X | ||
| 035 | _a(Sirsi) i9781885923042 | ||
| 040 |
_aPE-LiUPU _bspa _cPE-LiUPU _erda |
||
| 049 | _aPRUA | ||
| 082 | 0 | 4 |
_a939 _bG96 _221 |
| 100 | 1 |
_aGüterbock, Hans Gustav, _eautor. |
|
| 245 | 1 | 0 |
_aPerspectives on Hittite civilization / _cselected writings of Hans Gustav Güterbock. |
| 264 | 1 |
_aChicago : _bThe Oriental Institute of the University of Chicago, _c1997. |
|
| 300 |
_a274 páginas : _bilustraciones láms., cuadros ; _c30 centímetros |
||
| 336 |
_atext _2rdacontent |
||
| 337 |
_aunmediated _2rdamedia |
||
| 338 |
_avolume _2rdacarrier |
||
| 490 | 0 |
_aAssyriological Studies ; _v26 |
|
| 500 | _aContiene artículos en Alemán. | ||
| 505 | 0 | _aHans ehelolf and the Bogazkoy archive in Berlin. -A view of Hittite literature. -Hethitische literatur. -The Hittite version of the Hurrian kumarbi myths: oriental forerunners of hesiod. -Hittite mythology. -Gedanken Über das wesen des Gottes Telipinu. -A Hurro-Hittite hymn to Ishtar. -The Hittite palace. -The Hittite temple according to written sources. -Some aspects of Hittite festivals. -An Outline of the Hittite an.Tah.Sum festival. -Religion and kultus der hethiter. -An initiation rite for a Hittite prince. -Hethitische Götterbilder und kultobjekte. -Sals and sealing in Hittite lands. -Hittite Kursa "hunting bag". -Ivory in Hittite texts. -Oil plants in Hittite Anatolia. -Hittite liver models.-Bilingual moon omens from Bogazköy. | |
| 526 | _aP136 | ||
| 526 | _aP135 | ||
| 526 | _aP134 | ||
| 526 | _aP133 | ||
| 526 | _aP144 | ||
| 526 | _aP143 | ||
| 526 | _aP87 | ||
| 526 | _aP35 | ||
| 526 | _aP20 | ||
| 526 | _aP14 | ||
| 526 | _aP10 | ||
| 526 | _aP06 | ||
| 650 | 0 | 4 |
_aHititas _xHistoria. |
| 942 |
_2ddc _cBOOK |
||
| 949 |
_a939 G96 _wDEWEY _c1 _i44962 _lCCODEBUL1 _mBUL _r0 _sY _tBOOK _u2015-6-24 _xTEOLOGIA _PP35 _0COMPRA _o.STAFF. Colección General |
||
| 994 |
_aC0 _bPEPRU |
||
| 596 | _a1 | ||
| 999 |
_a939 G96 _wDEWEY _c21838 _i44962 _f2021-11-8 _g5 _lCCODEBUL1 _mBUL _r0 _sY _tBOOK _u2015-6-24 _xBIBLIOTECA _PP35 _0COMPRA _o.STAFF. Colección General _d21838 |
||
| 980 |
_81 _gALBERTO SANCHEZ Responsable de Automatización |
||